书目信息 |
| 题名: |
社会主义市场经济理论
|
|
| 作者: | 蔡秉玺 主编 | |
| 分册: | ||
| 出版信息: | 北京 中共中央党校出版社 1995 |
|
| 页数: | 189页 | |
| 开本: | 20cm | |
| 丛书名: | ||
| 单 册: | ||
| 中图分类: | F045.5 | |
| 科图分类: | 27.2765 | |
| 主题词: | 社会主义政治经济学∶市场经济学--党校--教材 , 市场经济学∶社会主义政治经济学--党校--教材 | |
| 电子资源: | ||
| ISBN: | 7-5035-1265-2 | |
| 000 | 00756nnam 2200241 45 | |
| 001 | 0196018457 | |
| 005 | 20070721090934.09 | |
| 010 | @a7-5035-1265-2@dCNY6.20 | |
| 100 | @a19950713d1995 em y0chiy0121 ea | |
| 101 | 0 | @achi |
| 102 | @aCN@b110000 | |
| 105 | @ay zj 000yy | |
| 200 | 10 | @a社会主义市场经济理论@ASHE HUI ZHU YI SHI CHANG JING JI LI LUN@f蔡秉玺主编@FCAI BING XI ZHU BIAN |
| 210 | @a北京@c中共中央党校出版社@d1995 | |
| 215 | @a189页@d20cm | |
| 300 | @a河北省市(地)党校统用系列教材之三 | |
| 606 | @a社会主义政治经济学∶市场经济学@x党校@x教材 | |
| 606 | @a市场经济学∶社会主义政治经济学@x党校@x教材 | |
| 690 | @aF045.5 | |
| 692 | @a27.2765 | |
| 701 | 0 | @a蔡秉玺@ACAI BING XI@4主编 |
| 801 | 0 | @aCN@bTSSF@c20070721 |
| 905 | @a10447@dF045.5@e110 | |
| 社会主义市场经济理论/蔡秉玺主编.-北京:中共中央党校出版社,1995 |
| 189页;20cm |
| 河北省市(地)党校统用系列教材之三 |
| ISBN 7-5035-1265-2:CNY6.20 |
| ● |
| 相关链接 |
|
|
|
|
正题名:社会主义市场经济理论
索取号:F045.5/110
 
预约/预借
| 序号 | 登录号 | 条形码 | 馆藏地/架位号 | 状态 | 备注 |
| 1 | 0769805 | 207698053 | 第一样本阅览室/ [索取号:F045.5/110] | 在馆 |